La vida, creadora de rocas; la función constructora de los seres microscópicos y la génesis de hulla /

Guardado en:
Autor Principal: Deflandre, Georges
Formato: Libro
Publicado: Buenos Aires : Eudeba, 1960
Materias:
Etiquetas: Agregar Etiqueta
Sin Etiquetas, Sea el primero en etiquetar este registro!
LEADER 00548nam a22001815a 4500
001 CEM.cems002022
005 20060215000000.0
008 130507s1960##################000#0#####d
003 CEMS
082 0 4 |a 552 
100 1 |a Deflandre, Georges 
245 1 0 |a La vida, creadora de rocas; la función constructora de los seres microscópicos y la génesis de hulla / 
260 |a Buenos Aires :  |b Eudeba,  |c 1960 
300 |a 60 p. 
653 |a Geologia 
653 |a Petroleo 
653 |a Rocas-origen 
859 |a CEMS  |b BIB. CEMS - 11 de abril  |h 552  |i D361  |p 5975.77  |t Ej.1